书目信息 |
| 题名: |
色
|
|
| 作者: | 袁帅 著 | |
| 分册: | ||
| 出版信息: | 海口 南海出版社 2005 |
|
| 页数: | 201页 | |
| 开本: | 20cm | |
| 丛书名: | 饕餮80后 | |
| 单 册: | ||
| 中图分类: | I247.5 | |
| 科图分类: | ||
| 主题词: | 长篇小说--中国--当代 | |
| 电子资源: | ||
| ISBN: | 7-5442-2975-0 | |
| 000 | 00813nam 2200241 450 | |
| 001 | 192004003623 | |
| 005 | 20070914161155.84 | |
| 010 | @a7-5442-2975-0@dCNY16.00 | |
| 100 | @a20070602d2005 ekmy0chiy0121 ea | |
| 101 | 0 | @achi |
| 102 | @aCN@b460000 | |
| 105 | @ay z 000ay | |
| 200 | 1 | @a色@Ase@f袁帅著 |
| 210 | @a海口@c南海出版社@d2005 | |
| 215 | @a201页@d20cm | |
| 225 | 2 | @a饕餮80后@Atao tie80 hou |
| 330 | @a本书讲述的是一个无所谓时代的时代,一个脱离了时代的大宅,一个女孩与两男一女的情感纠葛,一场爱与痛在情感边缘徘徊的哑剧,同时印证着一切无法撤销。一直给予的感觉虽是疼痛,但在疼痛背后无法压仰,在篇末喷涌而出的,字字是爱。 | |
| 410 | 0 | @12001 @a饕餮80后 |
| 606 | 0 | @a长篇小说@y中国@z当代 |
| 690 | @aI247.5@v4 | |
| 701 | 0 | @a袁帅@Ayuan shuai@4著 |
| 801 | 0 | @aCN@c20070914 |
| 905 | @dI247.5@eY9032 | |
| 色/袁帅著.-海口:南海出版社,2005 |
| 201页;20cm.-(饕餮80后) |
| ISBN 7-5442-2975-0:CNY16.00 |
| 本书讲述的是一个无所谓时代的时代,一个脱离了时代的大宅,一个女孩与两男一女的情感纠葛,一场爱与痛在情感边缘徘徊的哑剧,同时印证着一切无法撤销。一直给予的感觉虽是疼痛,但在疼痛背后无法压仰,在篇末喷涌而出的,字字是爱。 |
| ● |
| 相关链接 |
|
|
|
正题名:色
索取号:I247.5/Y9032
 
预约/预借
| 序号 | 登录号 | 条形码 | 馆藏地/架位号 | 状态 | 备注 |
| 1 | 620669 | 206206693 | 文学库108/108文学库 41排1列3层/ [索取号:I247.5/Y9032] | 在馆 | |
| 2 | 620670 | 206206700 | 文学库108/108文学库 41排1列3层/ [索取号:I247.5/Y9032] | 在馆 | |
| 3 | 620671 | 206206719 | 文学库108/108文学库 41排1列3层/ [索取号:I247.5/Y9032] | 在馆 |